Statistics for Word that Comes Before #1

Click here to take the quiz!

General Stats

  • This quiz has been taken 17,289 times
  • The average score is 13 of 21

Answer Stats

Word Precedes These % Correct
FireFighter, Ant, Hydrant
90%
NightTerrors, Vision, Owl
87%
GoldRush, Nugget, Digger
87%
MountainLion, Bike, Dew
82%
WoodChipper, Stove, Flooring
78%
SteelMagnolias, Guitar, Wool
76%
IceAge, Cube, Fishing
73%
ScienceFiction, Fair, Experiment
70%
GoodDeed, Gravy, Friday
68%
HotChocolate, Dog, Rod
67%
RockBottom, Candy, Lobster
66%
DeepFryer, Space, Thoughts
66%
IronChef, Fist, Curtain
66%
WaterSoftener, Chestnut, Lily
63%
SlowCooker, Motion, Poke
62%
HardCandy, Rock, Drive
60%
OilEmbargo, Lamp, Change
49%
CarpetBagger, Bombing, Sample
36%
WaxMuseum, Lips, Poetic
29%
FalseTeeth, Humility, Positive
28%
SquareMeal, Root, Knot
26%

Score Distribution

Percentile by Number Answered

Percent of People with Each Score

Your Score History

You have not taken this quiz